| 000 | 01014cac a2200325 i 4500 | ||
|---|---|---|---|
| 003 | EG-GICUC | ||
| 005 | 20260121101452.0 | ||
| 008 | 081118s2015 enk fr 001 0 eng d | ||
| 020 |
_a9780198724360 _qpbk. : alk. paper |
||
| 040 |
_aDLC _cDLC _dUKM _dYDXCP _dBTCTA _dBWKUK _dBWK _dCDX _dBWX _dEG-GICUC _dDLC _beng _erda |
||
| 043 |
_ae-uk-en _ae-uk-wl |
||
| 082 | 0 | 0 |
_a343.04 _221 |
| 092 | 0 | 4 | _221 |
| 099 | _aLaw 10 2015 | ||
| 100 | 1 | _aCard, Richard, | |
| 245 | 1 | 0 |
_aPolice law / _cRichard Card, The late Jack English. |
| 250 | _a14th edition. | ||
| 264 |
_aOxford ; _aNew York : _bOxford University Press, _c2015 |
||
| 300 |
_axli, 941 page. ; _c24 cm. |
||
| 336 |
_atext _btxt _2rdacontent |
||
| 337 |
_aunmediated _bn _2rdamedia |
||
| 338 |
_avolume _bnc _2rdacarrier |
||
| 500 | _aIncludes index. | ||
| 650 | 0 |
_aPolice _zEngland. |
|
| 650 | 0 |
_aPolice _zWales. |
|
| 700 | 1 |
_aEnglish, J. _q(Jack) |
|
| 856 | 4 | 0 | _uhttps://fll.law.cu.edu.eg/fulltext/bks/ENGB10-00021.pdf |
| 905 | _a10 | ||
| 942 |
_2ddc _cBK _e21 _n0 |
||
| 999 |
_c49810 _d49810 |
||